3D/4D city modelling : from sensors to applications /

Bibliographic Details
Other Authors: Kocaman, S. (Editor), Acka, D. (Editor), Poli, D. (Editor), Remondino, F. (Editor)
Format: Book
Language:English
Published: Caithness, UK : Whittles Publishing, 2024.
Subjects:

MARC

Tag First Indicator Second Indicator Subfields
LEADER 00000cam a2200000 i 4500
001 in00004792175
003 OCoLC
005 20240610194615.2
008 200228t20242024stka b 001 0 eng d
035 |a (OCoLC)1141907523 
040 |a YDX  |e rda  |c YDX  |d COO  |d BWK 
020 |a 1849954755  |q (hardcover) 
020 |a 9781849954754  |q (hardcover) 
050 4 |a HT165.5  |b .A13 2024 
082 0 |a 307.12160113  |2 23 
245 0 0 |a 3D/4D city modelling :  |b from sensors to applications /  |c edited by Sultan Kocaman, Devrim Acka, Daniela Poli and Fabio. Remondino. 
264 1 |a Caithness, UK :  |b Whittles Publishing,  |c 2024. 
300 |a viii, 188 pages :  |b color illustrations ;  |c 25 cm. 
336 |a text  |b txt  |2 rdacontent 
337 |a unmediated  |b n  |2 rdamedia 
338 |a volume  |2 rdacarrier 
504 |a Includes bibliographical references and index. 
650 0 |a City planning  |x Computer simulation. 
650 0 |a Imaging systems. 
700 1 |a Kocaman, S.,  |e editor. 
700 1 |a Acka, D.,  |e editor. 
700 1 |a Poli, D.,  |e editor. 
700 1 |a Remondino, F.,  |e editor. 
945 |b 87631 
947 |a A14852493726 
948 |a dmitchel 6/10/24 2.44.16 
980 |b print  |c 40032294849  |f NONFIC/B  |g 565714  |k USD  |m 56.00  |q 1  |s AcqMono Conventional  |t Approval plan  |u Vendor order reference number  |v ZYBP  |y Print approval  |z Physical resource 
999 f f |i 3835e002-e848-469f-8731-7acecac5b76c  |s 0a7004a7-8853-4862-b871-c6f09feed546  |t 0 
952 f f |p normal  |a Texas A&M University  |b College Station  |c Sterling C. Evans Library  |d Evans: Library Stacks  |t 0  |e HT165.5 .A13 2024  |h Library of Congress classification  |i unmediated -- volume  |m A14852493726 
998 f f |a HT165.5 .A13 2024  |t 0  |l Evans: Library Stacks